Kỹ thuật lò điện luyện thép

Trình bày đặc điểm phương pháp lò luyện thép và hệ thống hóa các cơ sở lý thuyết về lò điện hồ quang và lọ luyện cảm ứng luyện thép; Quy trình công nghệ luỵên thép trong lò điện hồ quang, lò cảm ứng trung tâm, lò điện xỉ, lò điện tư...

Ful tanımlama

Kaydedildi:
Detaylı Bibliyografya
Yazar: Trần, Văn Dy
Materyal Türü: Kitap
Dil:Undetermined
Baskı/Yayın Bilgisi: Hà Nội Khoa học Kỹ thuật 2006
Konular:
Etiketler: Etiketle
Etiket eklenmemiş, İlk siz ekleyin!
Thư viện lưu trữ: Trung tâm Học liệu Trường Đại học Cần Thơ
LEADER 01295nam a2200217Ia 4500
001 CTU_112636
008 210402s9999 xx 000 0 und d
020 |c 45000 
082 |a 669.1 
082 |b D600 
100 |a Trần, Văn Dy 
245 0 |a Kỹ thuật lò điện luyện thép 
245 0 |c Trần Văn Dy 
260 |a Hà Nội 
260 |b Khoa học Kỹ thuật 
260 |c 2006 
520 |a Trình bày đặc điểm phương pháp lò luyện thép và hệ thống hóa các cơ sở lý thuyết về lò điện hồ quang và lọ luyện cảm ứng luyện thép; Quy trình công nghệ luỵên thép trong lò điện hồ quang, lò cảm ứng trung tâm, lò điện xỉ, lò điện tử chân không và lò Plasma luyện thép. Các phương pháp cường hóa quá trình luyện thép và các kỹ thuật công nghệ mới; Tổng kết, phân tích các công đoạn luyện thép và các dây chuyền công nghệ sản xuất thép liên hợp trên thế giới,... 
650 |a Steel 
650 |x Metallurgy 
904 |i Hiếu 
980 |a Trung tâm Học liệu Trường Đại học Cần Thơ